000 00478cam a2200193ua 4500
020 _c45.00
041 _aeng
_h
082 _a519.062
_bSHA/EN
100 _aSharma, G S .
245 _aEngineering mathematics /
_cG S Sharma.
_hTextual Documents
250 _a4 /
_b.
260 _aNew Delhi :
_bC B S Publishers & Distributers ,
_c1985.
300 _a ; .
365 _a45.00
504 _a
700 1 _aSarna, I J S .
942 _cBK
999 _c10037
_d10037